• 首页
  • 本馆介绍
  • 公告通知
  • 最新文献
  • 馆藏检索
  • 电子资源
  • 读者导购
  • 参考咨询
  • 我的图书馆
  • 登录
  • 详细信息显示
  • 放入我的书架
  • 预约/预借图书
  • 作者相关作品
  • 分类相关作品
  • 丛书相关作品
  • 出版社相关作品

书目信息

  • 表格格式
  • 工作单格式
  • 卡片格式
题名:
风流去
    
 
作者: 鲍鹏山, 著
分册:  
出版信息: 北京   中国青年出版社  2019
页数: 783页
开本: 22cm
丛书名: 鲍鹏山作品典藏版
单 册:
中图分类: B21
科图分类:
主题词: 思想史--si xiang shi--研究--中国--古代 , 思想家--人物研究--中国--古代--si xiang jia
电子资源:
ISBN: 978-7-5153-5241-1
000 01341nam 2200277 45
001 012001009303
005 20140101105106.0
010    @a978-7-5153-5241-1@b精装@dCNY156.00
099    @aCAL 012019061270
100    @a20190403d2019 em y0chiy50 ea
101 0  @achi
102    @aCN@b110000
105    @aaf z 000yy
106    @ar
200 1  @a风流去@Afeng liu qu@f鲍鹏山著
210    @a北京@c中国青年出版社@d2019
215    @a783页@c彩图@d22cm
225 2  @a鲍鹏山作品典藏版@Abao peng shan zuo pin dian cang ban@i思想史
330    @a本书作者为我们一层层打开了中国传统知识分子或高贵或痛苦的灵魂。和那些肤浅的“心得”“感悟”完全不同,决非当今流行的一个故事加一段大而无当的虚夸议论的套路,鲍鹏山受人关注之处在于,他的文章“不敢虚构一言,不敢浪语一句”,不仅深深切入历史,更深深切入人性;不仅充满逻辑的力量、诗性的力量,更充满思想的力量。他做的,不是枯燥的无聊的无趣的无用的所谓的“学问”。他的每一篇文章都化合古今,干净纯粹,尖锐犀利,幽默温情,包容了可供不同层面解读的诸多内涵,让我们每一个人都能从中照见自己的生活,窥见自己的影子。
410  0 @12001 @a鲍鹏山作品典藏版@i思想史
606 0  @a思想史@Asi xiang shi@x研究@y中国@z古代
606 0  @a思想家@x人物研究@y中国@z古代@Asi xiang jia
690    @aB21@v5
701  0 @a鲍鹏山,@f1963-@Abao peng shan@4著
801  0 @aCN@b上海新华@c20191020
905    @b1187673-4@dB21@e215@f2
    
    风流去/鲍鹏山著.-北京:中国青年出版社,2019
    783页:彩图;22cm.-(鲍鹏山作品典藏版.思想史)
    
    
    ISBN 978-7-5153-5241-1(精装):CNY156.00
    本书作者为我们一层层打开了中国传统知识分子或高贵或痛苦的灵魂。和那些肤浅的“心得”“感悟”完全不同,决非当今流行的一个故事加一段大而无当的虚夸议论的套路,鲍鹏山受人关注之处在于,他的文章“不敢虚构一言,不敢浪语一句”,不仅深深切入历史,更深深切入人性;不仅充满逻辑的力量、诗性的力量,更充满思想的力量。他做的,不是枯燥的无聊的无趣的无用的所谓的“学问”。他的每一篇文章都化合古今,干净纯粹,尖锐犀利,幽默温情,包容了可供不同层面解读的诸多内涵,让我们每一个人都能从中照见自己的生活,窥见自己的影子。
●
相关链接 在E读中查询图书 在五车中查询图书 在当当中查询图书 在豆瓣中查询图书


正题名:风流去     索取号:B21/215         预约/预借

序号 登录号 条形码 馆藏地/架位号 状态 备注
1 1187673   211876736   第一样本阅览室/ [索取号:B21/215] 在馆    
2 1187674   211876745   第一借阅区/ [索取号:B21/215] 在馆    
唐山师范学院图书馆 欢迎您!
大连网信软件有限公司© 版权所有